000
00252nam a22001217a 4500
008
170905b xxu||||| |||| 00| 0 eng d
041
_a
eng
080
_a
615.1
100
_a
05
101
_a
MK
245
_a
VADEMEKUM
_c
FARMAKOS.N.C
942
_2
udc
_c
BK
999
_c
26123
_d
26123